000 00617nam a2200205Ia 4500
001 3218
003 GE_BSU
008 181216s||||||||xx |||||||||||||| ||und||
040 _cGE_BSU
080 _a550+553.98(038)
245 _aСловарь по геологии нефти.
245 _cПод ред. М.Ф.Мирчинка.
250 _aИзд второе, исправленное и дополненное.
260 _aЛ.
260 _bГостоптехиздат.
260 _c1958.
300 _a776 стр. 22 см.
653 _aСловарь по геологии нефти.
942 _cBK
999 _c37259
_d37259